Vytvorenie grafického užívateľského rozhrania (GUI) v prostredí jazyka R diplomová práca

Saved in:
Bibliographic Details
Main Author: Belica, Tomáš
Corporate Author: Fakulta hospodárskej informatiky EU. Katedra matematiky a aktuárstva
Other Authors: Mucha, Vladimír, 1976-
Format: Book
Language:Slovak
Published: Bratislava 2018
Tags: Add Tag
No Tags, Be the first to tag this record!

MARC

LEADER 00000nbm a2200000 4500
001 0245234
005 20180925080555.1
041 0 |a slo 
044 |a SK 
245 1 0 |a Vytvorenie grafického užívateľského rozhrania (GUI) v prostredí jazyka R  |b diplomová práca  |c Tomáš Belica ; školiteľ: Vladimír Mucha 
264 1 |a Bratislava  |c 2018 
300 |a 62 s. 
100 1 |a Belica, Tomáš 
700 1 |a Mucha, Vladimír, 1976- 
710 2 |a Fakulta hospodárskej informatiky EU. Katedra matematiky a aktuárstva